| 000 | 00469nab a2200145Ia 4500 | ||
|---|---|---|---|
| 003 | ES-SlBCS | ||
| 005 | 20210601133734.0 | ||
| 008 | 140529s1998 xxu||||| |||| 00| 0 por d | ||
| 041 | _apor | ||
| 100 | 1 |
_aCunha, Luiz Antônio _9208991 |
|
| 245 | 0 | 0 |
_aEnsino médio e ensino técnico: de volta ao passado? _c Luiz Antônio Cunha |
| 650 | 0 | 4 |
_aEnseñanza Media-Brasil _9208992 |
| 773 | 0 |
_tEducaçao e Filosofia _gvol. 12, nº. 24, 1998, págs. 65-89 _wRev1534 |
|
| 942 | _cAR | ||
| 999 |
_c601341 _d601341 |
||